000 00678nam a2200253Ia 4500
003 OSt
005 20221005085124.0
006 a|||||r|||| 00| 0
007 ta
008 221004b |||||||| |||| 00| 0 eng d
024 _a22894
037 _cTextual
040 _aCRL
_cCRL
_beng
041 _2eng
_aeng
082 _aYk, M3;M4
100 _aMann Michael Ed
_9131150
245 0 _aInternational encyclopedia of sociology
260 _aNew York
_bContinuum
_c1984
300 _a434p
_ccm.
650 _a ENCYCLOPEDIAS AND DICTIONARIES
_977
650 _aSOCIOLOGY
942 _hYk, M3;M4
_cTEXL
_2cc
999 _c993759
_d993759